000 00515nam a22001817a 4500
005 20140723110357.0
010 _aENG-109988
020 _c325.00
_a9789380151861
035 _aEN-93521
037 _bDBAD/PUB
082 _a823.92
100 _aChadha, Bhrigu
245 0 0 _aThe dead metalhead /
_cby Bhrigu Chadha
260 _aGoa
_bCinnamonTeal
_c2010
270 _aPolt No 16,Gogal, Housing Board Colony
_bMargao Goa
_e403601
300 _a214p.
_c22cm(pbk)
942 _2ddc
_cEN
_mCHA
_h823.92
999 _c84126
_d84126